Football "golden boy" winners - Statistics

General Stats
  • This quiz has been taken 34 times
  • The average score is 11 of 23
Answer Stats
Hint Answer % Correct
2024 Lamine Yamal
89%
2005 Lionel Messi
86%
2022 Gavi
71%
2020 Erling Haaland
68%
2023 Jude Bellingham
68%
2017 Kylian Mbappe
68%
2025 Désiré Doué
64%
2021 Pedri
64%
2004 Wayne Rooney
54%
2011 Mario Götze
43%
2018 Matthijs De Ligt
43%
2015 Anthony Martial
39%
2013 Paul Pogba
39%
2019 João Felix
36%
2009 Alexandre Pato
32%
2010 Mario Balotelli
32%
2007 Sergio Aguero
32%
2008 Anderson
29%
2016 Renato Sanches
29%
2006 Cesc Fabregas
21%
2014 Raheem Sterling
21%
2003 Raphael Van der Vaart
21%
2012 Isco
14%
No matching quizzes found
Score Distribution
Percent of People with Each Score
Percentile by Number Answered
Your Score History
You have not taken this quiz